[Event "Netanya Masters 2019"]
[Site "Netanya ISR"]
[Date "2019.07.02"]
[Round "9.3"]
[White "Postny, Evgeny"]
[Black "Rodshtein, Maxim"]
[Result "1/2-1/2"]
[WhiteTitle "GM"]
[BlackTitle "GM"]
[WhiteElo "2601"]
[BlackElo "2685"]
[WhiteFideId "2804344"]
[BlackFideId "2806851"]
[EventDate "2019.06.23"]

1. d4 Nf6 2. c4 g6 3. Nc3 d5 4. Bf4 Bg7 5. e3 c5 6. dxc5 Qa5 7. Rc1 dxc4 8. Bxc4
O-O 9. Ne2 Qxc5 10. Qb3 Qa5 11. O-O Nbd7 12. Qb5 Qxb5 13. Nxb5 Nb6 14. Nc7 Rb8
15. Bb3 Bd7 16. Nc3 Rbc8 17. N7d5 Nfxd5 18. Nxd5 Nxd5 19. Bxd5 Bxb2 20. Rb1 Rc2
21. Bb3 Rd2 22. e4 Re2 23. Bd1 Rxe4 24. Rxb2 Rxf4 25. Rxb7 Rd8 26. Bf3 e5 27.
Rxa7 Bb5 28. Rb1 Bc4 29. Ra4 Rd2 30. Re1 Rfd4 31. h3 f6 32. Rc1 Bxa2 33. Rc8+
Kg7 34. Rc7+ Kh6 35. Raa7 Bg8 36. Rc8 Rd8 37. Rxd8 Rxd8 38. Re7 Rd3 39. h4 Rc3
40. Bb7 Ra3 41. Bc6 Rc3 42. Bf3 Bb3 43. Kh2 Rd3 44. Kg1 Bc2 45. Re6 Kg7 46. Re7+
Kg8 47. h5 gxh5 48. Bxh5 Rd4 49. Rc7 Bf5 50. Bf7+ Kf8 51. Bh5 Bd7 52. Bf3 Ke7
53. Ra7 Rc4 54. Be2 Rc1+ 55. Kh2 Kd6 56. Ra6+ Bc6 57. Bf3 f5 58. Bxc6 Rxc6 59.
Ra7 Rc7 60. Ra5 Rc2 61. f4 1/2-1/2

[Event "Netanya Masters 2019"]
[Site "Netanya ISR"]
[Date "2019.07.02"]
[Round "9.4"]
[White "McShane, Luke J"]
[Black "Svidler, Peter"]
[Result "0-1"]
[WhiteTitle "GM"]
[BlackTitle "GM"]
[WhiteElo "2688"]
[BlackElo "2737"]
[WhiteFideId "404853"]
[BlackFideId "4102142"]
[EventDate "2019.06.23"]

1. e4 e5 2. Nf3 Nc6 3. d4 exd4 4. Nxd4 Nf6 5. Nc3 Bb4 6. Nxc6 bxc6 7. Bd3 d5 8.
exd5 O-O 9. O-O Bg4 10. f3 Bh5 11. Bg5 cxd5 12. Ne2 Bg6 13. Kh1 Rb8 14. b3 Re8
15. c4 Bxd3 16. Qxd3 dxc4 17. Qxc4 Qd5 18. Qxd5 Nxd5 19. Rfd1 Rxe2 20. Rxd5 Rbe8
21. Bh4 Bc3 22. Rad1 Rxa2 23. Bg3 Ba5 24. Rc5 Bb6 25. Rcc1 c5 26. Bd6 Rd8 27. h4
h5 28. Rd3 a5 29. Kh2 Rxd6 30. Rxd6 Bc7 31. Rd1 Rb2 32. Kh3 Bxd6 33. Rxd6 Rxb3
34. Rd8+ Kh7 35. Rd5 Rb5 36. Rxh5+ Kg6 37. Rh8 a4 38. Ra8 Rb4 39. Kg3 c4 40. Kf2
c3 41. Rc8 Rb2+ 42. Ke3 c2 43. Kd2 a3 44. Kc1 Rb1+ 45. Kxc2 a2 0-1